Electric machinery and transformers (Record no. 440)

000 -LEADER
fixed length control field 00469nam a2200193 4500
001 - CONTROL NUMBER
control field 440
003 - CONTROL NUMBER IDENTIFIER
control field BD-DhUET
008 - FIXED-LENGTH DATA ELEMENTS--GENERAL INFORMATION
fixed length control field 140721b xxu||||| |||| 00| 0 eng d
020 ## - INTERNATIONAL STANDARD BOOK NUMBER
International Standard Book Number 81203007755
040 ## - CATALOGING SOURCE
Transcribing agency 0
Modifying agency BD-DhUET
082 ## - DEWEY DECIMAL CLASSIFICATION NUMBER
Classification number 623.1042
Item number KOS/1991
100 ## - MAIN ENTRY--PERSONAL NAME
Personal name Kosow, Irving L.
245 ## - TITLE STATEMENT
Title Electric machinery and transformers
250 ## - EDITION STATEMENT
Edition statement 2nd ed.
260 ## - PUBLICATION, DISTRIBUTION, ETC. (IMPRINT)
Place of publication, distribution, etc. New Delhi
Name of publisher, distributor, etc. Prentice-Hall
Date of publication, distribution, etc. 1991
300 ## - PHYSICAL DESCRIPTION
Extent xiv,626p.
650 #0 - SUBJECT ADDED ENTRY--TOPICAL TERM
Topical term or geographic name as entry element Electric machinery
942 ## - ADDED ENTRY ELEMENTS (KOHA)
Koha item type General Book
Holdings
Price effective from Koha date last borrowed Source of classification or shelving scheme Date acquired Sublocation or collection (holding branch) Piece designation (barcode) Damaged status Koha issues (times borrowed) Koha item type Location (home branch) Shelving location Koha full call number Koha date last seen Lost status Koha normalized classification for sorting Withdrawn status Not for loan Copy number
2014-07-21  2014-07-21Central Library, BUET103680  General BookCentral Library, BUETCirculation section623.1042/KOS/19912014-07-21 623_104200000000000_KOS_1991  1
2014-07-21  2014-07-21Central Library, BUET103681  General BookCentral Library, BUETCirculation section623.1042/KOS/19912016-12-07 623_104200000000000_KOS_1991  2
2014-07-212021-12-05 2014-07-21Central Library, BUET103682 1General BookCentral Library, BUETCirculation section623.1042/KOS/19912021-12-15 623_104200000000000_KOS_1991  3
2014-07-21  2014-07-21Central Library, BUET103683  General BookCentral Library, BUETCirculation section623.1042/KOS/19912014-07-21 623_104200000000000_KOS_1991  4
2014-07-21  2014-07-21Central Library, BUET103684  General BookCentral Library, BUETCirculation section623.1042/KOS/19912014-07-21 623_000000000000000_1042KOS199  5
2014-07-21  2014-07-21Central Library, BUET103685  General BookCentral Library, BUETCirculation section623.1042/KOS/19912014-07-21 623_104200000000000_KOS_1991  6
2014-07-21  2014-07-21Central Library, BUET103686  General BookCentral Library, BUETCirculation section623.1042/KOS/19912014-07-21 623_104200000000000_KOS_1991  7
2014-07-21  2014-07-21Central Library, BUET103688  General BookCentral Library, BUETCirculation section623.1042/KOS/19912016-11-29 623_000000000000000_1042KOS199  8
2014-07-21  2014-07-21Central Library, BUET103689  General BookCentral Library, BUETCirculation section623.1042/KOS/19912017-03-11 623_104200000000000_KOS_1991  9